|
|
|
|
| LEADER |
00000nam a2200000 a 4500 |
| 001 |
vtls008385786 |
| 003 |
SK-MaSNL |
| 005 |
20260302074706.0 |
| 008 |
251124s1929 xo slo |
| 015 |
|
|
|a SKSNBA19191938-007392
|
| 035 |
|
|
|a SK01SNKBSKHR20010078003
|
| 035 |
|
|
|a SKM000080466
|
| 040 |
|
|
|a SNK
|b slo
|c SNK
|e AACR2
|
| 041 |
1 |
|
|a slo
|
| 044 |
|
|
|a xo
|
| 080 |
|
|
|a 929 Václav sv.
|2 1981
|
| 080 |
|
|
|a 943.71
|2 1981
|
| 245 |
1 |
0 |
|a Milenium svätováclavské
|b 929-1929. 28.IX.
|
| 260 |
|
|
|a Bratislava
|b Osvetový sväz pre Slovensko
|c [1929]
|e Bratislava
|f Slov. Grafia
|
| 300 |
|
|
|a 47 s.
|c 8°
|
| 500 |
|
|
|a Lit. pod čiarou
|
| 500 |
|
|
|a Frontispice
|
| 500 |
|
|
|a Red. Dr. J. Müller a J.A. Vrátný: Úvod
|
| 500 |
|
|
|a 500 ex. kriedový papier, 4500 ex. obyč.
|
| 504 |
|
|
|a Bibliogr. lit. o sv. Václavovi, s. 42-46
|
| 600 |
0 |
7 |
|a Václav,
|c sv.
|d 907-929
|x milénium
|x zborníky
|2 SNK
|9 740615
|
| 648 |
|
7 |
|a 929-1929
|2 SNK
|9 740616
|
| 651 |
|
7 |
|a Čechy
|2 SNK
|9 56329
|
| 651 |
|
7 |
|a Česko
|x dejiny
|2 SNKPHgeo
|9 58420
|
| 655 |
|
7 |
|a zborníky
|2 SNKPH
|9 70165
|
| 700 |
1 |
|
|a Müller, J.
|4 edt
|4 aui
|9 347463
|
| 700 |
1 |
|
|a Vrátný, J.A.
|4 aui
|4 edt
|9 740617
|
| 700 |
1 |
|
|a Ursiny, Dežo,
|d 1947-1995
|4 aut
|9 106983
|
| 700 |
1 |
|
|a Kolísek, Alois,
|d 1868-1931
|4 aut
|9 94271
|
| 852 |
|
|
|a Slovenská národná knižnica v Martine
|b 10000
|h MS SD 2600
|
| 852 |
|
|
|a Univerzitná knižnica v Bratislave
|b 300000
|h SG 1878
|
| 958 |
|
|
|a OND
|
| 958 |
|
|
|a RK
|
| 958 |
|
|
|a TL
|
| 958 |
|
|
|a ZB
|
| 999 |
|
|
|c 1166078
|d 1168008
|
| 952 |
|
|
|a SNK
|b SNK
|y VYP
|7 0
|p 17A0512443
|o snkSD 2600 D1
|i snkKSF 3222/56
|0 0
|1 0
|4 0
|d 2006-05-30
|l 0
|r 2026-02-24 20:48:51
|w 2026-02-24
|